Beautiful Brittany / (Record no. 2190)
[ view plain ]
| 000 -LEADER | |
|---|---|
| fixed length control field | 01030cam a22003013i 4500 |
| 005 - DATE AND TIME OF LATEST TRANSACTION | |
| control field | 20241210141342.0 |
| 020 ## - INTERNATIONAL STANDARD BOOK NUMBER | |
| International Standard Book Number | 9780816735754 |
| 020 ## - INTERNATIONAL STANDARD BOOK NUMBER | |
| International Standard Book Number | 051487035757 |
| 020 ## - INTERNATIONAL STANDARD BOOK NUMBER | |
| International Standard Book Number | 0816735751 |
| 040 ## - CATALOGING SOURCE | |
| Original cataloging agency | AZT |
| Transcribing agency | AZT |
| Modifying agency | OCL |
| -- | BTCTA |
| -- | BAKER |
| -- | VYG |
| -- | MM3 |
| -- | OCLCO |
| -- | DLC |
| Language of cataloging | eng |
| 050 00 - LIBRARY OF CONGRESS CALL NUMBER | |
| Classification number | CPB Box no. 14 vol. 20 |
| 082 ## - DEWEY DECIMAL CLASSIFICATION NUMBER | |
| Classification number | 813 |
| 100 1# - MAIN ENTRY--PERSONAL NAME | |
| Personal name | Meyers, Susan |
| 245 10 - TITLE STATEMENT | |
| Title | Beautiful Brittany / |
| Statement of responsibility, etc. | Susan Meyers. Can being fashion models spell disaster? |
| 250 ## - EDITION STATEMENT | |
| Edition statement | This edition published in 2002 |
| 260 ## - PUBLICATION, DISTRIBUTION, ETC. | |
| Place of publication, distribution, etc. | Place of Publication not identified : |
| Name of publisher, distributor, etc. | Troll Associates, |
| Date of publication, distribution, etc. | 1995 |
| 300 ## - PHYSICAL DESCRIPTION | |
| Extent | 121 pages : |
| Dimensions | 19 cm |
| 490 1# - SERIES STATEMENT | |
| Series statement | Always Friends Club |
| 500 ## - GENERAL NOTE | |
| General note | "Little rainbow." |
| 505 ## - FORMATTED CONTENTS NOTE | |
| Formatted contents note | Q |
| 520 ## - SUMMARY, ETC. | |
| Summary, etc. | If Brittany is chosen as a model for the new fashion catalog and Meg is left out, will it mean the end of the Always Friends Club? |
| 521 ## - TARGET AUDIENCE NOTE | |
| Target audience note | 900 |
| Source | Lexile estimate |
| 521 ## - TARGET AUDIENCE NOTE | |
| Target audience note | Q |
| Source | Raz-Plus |
| 655 #7 - INDEX TERM--GENRE/FORM | |
| Genre/form data or focus term | Young adult fiction. |
| Source of term | lcsh |
| 906 ## - LOCAL DATA ELEMENT F, LDF (RLIN) | |
| a | 7 |
| b | cbc |
| c | copycat |
| d | 2 |
| e | ncip |
| f | 20 |
| g | y-genrareb |
| 942 ## - ADDED ENTRY ELEMENTS (KOHA) | |
| Source of classification or shelving scheme | Dewey Decimal Classification |
| Koha item type | Books |
| Suppress in OPAC | No |
| 999 ## - | |
| -- | 2190 |
| -- | 2190 |
| Withdrawn status | Lost status | Source of classification or shelving scheme | Damaged status | Not for loan | Collection | Home library | Current library | Shelving location | Date acquired | Total Checkouts | Full call number | Barcode | Date last seen | Copy number | Price effective from | Koha item type |
|---|---|---|---|---|---|---|---|---|---|---|---|---|---|---|---|---|
| Dewey Decimal Classification | Fiction | Footprints International School Library Network Toul Kork Campus | Footprints International School Library Network Toul Kork Campus | A TK Campus, 4th Floor, Room B401, Fiction Bookcases (1-6) | 11/08/2023 | MEY 813 CPB Box no. 14 vol. 20 | FISTK00337 | 11/08/2023 | 1 | 11/08/2023 | Books | |||||
| Dewey Decimal Classification | Fiction | Footprints International School Library Network Toul Kork Campus | Footprints International School Library Network Toul Kork Campus | TTP Secondary Fiction Bookshelves | 11/08/2023 | MEY 813 CPB Box no. 14 vol. 20 | FIS03388 | 12/10/2024 | 2 | 11/08/2023 | Books |
